Thấu hiểu tiếp thị từ A đến Z : 80 khái niệm nhà quản lý cần biết

Trong cuốn "Thấu hiểu tiếp thị từ A đến Z" này, Philip kotler đã chọn lọc và khảo sát các khái niệm quan trọng nhất của bộ môn này trong hiện tại và cả tương lai, đưa ra một đúc kết mới mẻ và thú vị về việc tiếp thị sẽ thay đổi n...

詳細記述

保存先:
書誌詳細
第一著者: Kotler, Philip
その他の著者: Lê Hoàng Anh (dịch)
フォーマット: 図書
言語:Vietnamese
出版事項: H. Trẻ 2013
主題:
タグ: タグ追加
タグなし, このレコードへの初めてのタグを付けませんか!
Thư viện lưu trữ: Thư viện Trường Đại học Nam Cần Thơ
LEADER 01946nam a22002537a 4500
001 NCT_40975
008 180615b xxu||||| |||| 00| 0 vie d
999 |c 1970  |d 1970 
020 |a 9786041010376  |c 76000 
082 0 1 |2 23rd ed.  |a 658.8  |b K87 
100 1 |a Kotler, Philip  
245 1 0 |a Thấu hiểu tiếp thị từ A đến Z :   |b 80 khái niệm nhà quản lý cần biết  |c  Philip Kotler; Lê Hoàng Anh (dịch)  
260 |a H.  |b Trẻ  |c 2013 
300 |a 305 tr.  |b minh họa  |c 21 cm 
520 3 |a Trong cuốn "Thấu hiểu tiếp thị từ A đến Z" này, Philip kotler đã chọn lọc và khảo sát các khái niệm quan trọng nhất của bộ môn này trong hiện tại và cả tương lai, đưa ra một đúc kết mới mẻ và thú vị về việc tiếp thị sẽ thay đổi như thế nào, và những người làm công việc tiếp thị phải thay đổi ra sao. 
653 |a Quản trị kinh doanh 
700 1 |a Lê Hoàng Anh  |e dịch 
942 |2 ddc  |c BK 
952 |0 0  |1 0  |2 ddc  |4 0  |6 658_800000000000000_K87  |7 0  |9 11175  |a 000001  |b 000001  |d 2018-06-21  |o 658.8 K87  |p MD.07710  |r 2018-06-21  |v 68000.00  |w 2018-06-21  |y BK 
952 |0 0  |1 0  |2 ddc  |4 0  |6 658_800000000000000_K87  |7 0  |9 11176  |a 000001  |b 000001  |d 2018-06-21  |l 2  |o 658.8 K87  |p MD.07711  |r 2020-07-10  |s 2020-06-06  |v 68000.00  |w 2018-06-21  |y BK 
952 |0 0  |1 0  |2 ddc  |4 0  |6 658_800000000000000_K87  |7 0  |9 11177  |a 000001  |b 000001  |d 2018-06-21  |l 2  |o 658.8 K87  |p MD.07712  |r 2020-06-22  |s 2020-06-11  |v 68000.00  |w 2018-06-21  |y BK 
952 |0 0  |1 0  |2 ddc  |4 0  |6 658_800000000000000_K87  |7 0  |9 11178  |a 000001  |b 000001  |d 2018-06-21  |o 658.8 K87  |p MD.07713  |r 2018-06-21  |v 68000.00  |w 2018-06-21  |y BK 
952 |0 0  |1 0  |2 ddc  |4 0  |6 658_800000000000000_K87  |7 0  |9 11179  |a 000001  |b 000001  |d 2018-06-21  |l 1  |o 658.8 K87  |p MD.07714  |r 2020-06-17  |s 2020-06-06  |v 68000.00  |w 2018-06-21  |y BK 
980 |a Thư viện Trường Đại học Nam Cần Thơ